Movies Quiz

Random Movies or Marvel Quiz

MCU Movies In One Word Quiz Stats

 Plays Quiz not verified by Sporcle

Score 0/16 Timer 04:00
0 Plays Today
% Correct
The Avengers
79.4%
Guardians of the Galaxy
78.5%
Avengers: Endgame
73.6%
Avengers: Age of Ultron
69.9%
Avengers: Infinity War
67.4%
Doctor Strange
62.5%
Ant-Man
61.6%
Captain America: The Winter Soldier
60.7%
% Correct
Guardians of the Galaxy Vol. 2
55.5%
Black Panther
50.4%
Captain Marvel
48.8%
Thor: Ragnarok
48.4%
Iron Man
46.7%
Thor
46.7%
Spider-Man: Homecoming
40.3%
Captain America: Civil War
37.9%

You're not logged in!

Compare scores with friends on all Sporcle quizzes.
OR
Log In

Sporcle TV

Today on Sporcle TV


Watch our educational content, quiz creation guides, and fun videos on Sporcle TV.

Show Comments

Extras

Top Quizzes Today


Score Distribution

Your Account Isn't Verified!

In order to create a playlist on Sporcle, you need to verify the email address you used during registration. Go to your Sporcle Settings to finish the process.

Report this User

Report this user for behavior that violates our Community Guidelines.

Details: